000 02688cam a2200289 i 4500
001 991107358171206196
005 20250616104511.0
008 230818t2024 maua g b 001 0 eng d
010 _a2023036367
020 _a9780262547987
035 _a(OCoLC)1396252218
035 _a(OCoLC)on1396252218
040 _aDLC
_beng
_erda
_cDLC
_dCaOTSTM
041 _aeng
042 _apcc
050 0 0 _aHQ766
_b.B277 2024
100 _aBattin, M. Pabst,
_eauthor.
_925435
245 1 0 _aSex and the planet
_b: what opt-in reproduction could do for the globe
_c/ Margaret Pabst Battin.
264 1 _aCambridge, Massachusetts :
_bThe MIT Press,
_c[2024]
300 _axvi, 240 pages :
_billustrations ;
_c23 cm
490 0 _aBasic bioethics
504 _aIncludes bibliographical references (pages 205-226) and index.
520 _aWhat if human reproduction was always elective? A prominent bioethicist speculates about the possibilities—and the likely consequences. What would the world be like if all pregnancy was intended, not unintended as it is nearly half the time now? Considerably better, Margaret Pabst Battin suggests in Sex and the Planet, a provocative thought experiment with far-reaching real-world implications. Many of the world's most vexing and seemingly intractable issues begin with sex—when sperm meets egg, as Battin puts it—abortion, adolescent pregnancy, high-risk pregnancy, sexual violence, population growth and decline. Rethinking reproductive rights and exposing our many mistaken assumptions about sex, Sex and the Planet offers an optimistic picture of how we might solve these problems—by drastically curtailing unintended pregnancies using currently available methods. How we see this picture—as recommendation, prediction, utopian fantasy, totalitarian plot, hypothetical conjecture, or realistic solution—depends to a great degree on which of thirteen problematic assumptions we maintain, assumptions Battin works to identify and challenge. Taking on sensitive topics like abortion and rape and religious issues around contraception, she shows how a fully informed, nonideological approach could defuse much of the friction such issues tend to generate. Also, in her attention to male contraception and the asymmetry of female and male reproductive control, she pulls in the 50 percent of the human race—those with Y chromosomes—largely left out of discussions of reproductive health. Sex and the Planet, finally, takes a global view, inviting us to consider a possible—even plausible—reproductive future.
_cprovided by publisher.
650 0 _aBirth control.
_925436
650 0 _aHuman reproduction.
_925437
942 _2lcc
999 _c4739
_d4739